Intermediate algebra
Saved in:
| Main Authors: | , |
|---|---|
| Format: | Book |
| Language: | English |
| Published: |
New York :
McGraw-Hill,
1951.
|
| Subjects: | |
| Tags: |
Add Tag
No Tags, Be the first to tag this record!
|
MARC
| LEADER | 00000cam a2200000 a 4500 | ||
|---|---|---|---|
| 001 | 1/108475 | ||
| 008 | 150908s1951####us | ||| |||| ||eng|| | ||
| 040 | |a GR-MyUa |b gre |c GR-MyUa |e AACR2 | ||
| 041 | 0 | |a eng | |
| 082 | 7 | |a 512 |2 (23) | |
| 100 | 1 | |a Rees, Paul Klein, |d 1902- | |
| 245 | 1 | 0 | |a Intermediate algebra / |c Paul K. Rees, Fred W. Sparks. |
| 260 | |a New York : |b McGraw-Hill, |c 1951. | ||
| 300 | |a viii, 328 σ. : |b διαγρ., σχέδια ; |c 21 εκ. | ||
| 650 | 0 | |a Mathematics |x Problems, exercises, etc. | |
| 700 | 1 | |a Sparks, Fred W. |q (Fred Winchell), |d 1891-1982, |e aut | |
| 852 | |a INST |b SAMOS |c MAG |e 20150908 |h 512 REE |p 005300035230 |q 005300035230 |t BK |y 0 | ||
| 970 | |a Σιτζίμη |b Γιασεμή |z 08/09/2015 | ||